00718cam a2200229 a 450000100100000000500170001000800410002702000150006804000250008308200170010810000350012524500460016026000430020630000210024949000310027050000470030150400320034858600300038065000220041065000250043283000310045700000642620200929153929.0811024s1981 sp b 000 1 spa  a8423311007 aDO-SdBNPbspacBNPHU a863.64bZ36c1 aZaragoza, Juan Ramón,d1938-10aConcerto grosso /cJuan Ramón Zaragoza. aBarcelona, España :bDestino,c1981. a268 p. ;c22 cm.1 aÁncora y Delfín ;v552 aIncluye datos biográficos en las solapas aBibliografía : p. 267-269 aPremio Eugenio Nadal 1980 4aNovela española 4aLieratura española 0aÁncora y Delfín ;n552